[Event "AUTO-MASTER-2949"]
[Site "http://www.queenalice.com/game.php?id=1621742"]
[Date "2020.7.26"]
[Round "2"]
[White "jdalcheco"]
[Black "CCapivara"]
[Result "0-1"]
[WhiteElo "1999"]
[BlackElo "2165"]

1. d4 d6 2. c4 Nf6 3. Nc3 c6 4. Nf3 Bg4 5. e3 Nbd7 6. Be2 e5 7. O-O Be7 8. b3
Qc7 9. Bb2 O-O 10. Rc1 Rad8 11. e4 Bh5 12. c5 exd4 13. cxd6 Bxd6 14. Nb5 Qb8 15.
Nxd6 Qxd6 16. Nxd4 Bxe2 17. Qxe2 Rfe8 18. f3 g6 19. Rcd1 Ne5 20. Nxc6 Qxc6 21.
Rxd8 Rxd8 22. Bxe5 Qc5+ 23. Qf2 Qxe5 24. Qxa7 Rd2 25. a4 Qg5 26. g3 Qe5 27. Qxb7
Qc5+ 28. Kh1 Qc2 29. Qb8+ Kg7 30. g4 Nd7 31. Qg3 Rd1 32. Rxd1 Qxd1+ 33. Kg2 Qxb3
34. a5 Qa2+ 35. Kh3 Qxa5 36. g5 Qb5 37. Qg4 Ne5 38. Qf4 Qd7+ 39. Kg3 Qe7 40. h4
f6 41. Qe3 Nc4 42. Qc1 Qe5+ 43. Kg2 Qb2+ 44. Qxb2 Nxb2 45. f4 Nc4 46. Kf3 h5 47.
f5 fxg5 48. hxg5 Kf7 49. Kf4 Nd6 50. fxg6+ Kxg6 51. e5 Nf7 52. e6 Nxg5 53. e7
Ne6+ 54. Kg3 Ng7 55. Kh4 Kf7 56. e8=Q+ Kxe8 57. Kg5 Kf7 58. Kh4 Kf6 59. Kg3 Kg5
60. Kh3 h4 61. Kh2 Kg4 62. Kg2 h3+ 63. Kh2 Kh4 64. Kg1 Kg3 65. Kh1 Ne6 66. Kg1
Ng5 67. Kh1 Ne4 0-1

[Event "AUTO-MASTER-2949"]
[Site "http://www.queenalice.com/game.php?id=1621747"]
[Date "2020.7.26"]
[Round "2"]
[White "jdalcheco"]
[Black "grepovsky"]
[Result "0-1"]
[WhiteElo "1981"]
[BlackElo "2274"]

1. d4 Nf6 2. c4 c5 3. d5 e5 4. Nc3 d6 5. e4 Be7 6. Nf3 O-O 7. b3 Nbd7 8. Bb2 Ne8
9. Be2 g6 10. h4 Ng7 11. Qd2 Nf6 12. O-O-O a6 13. Ng5 h5 14. f3 Nh7 15. Kb1 Nxg5
16. hxg5 Bxg5 17. Qe1 Bd7 0-1

[Event "AUTO-MASTER-2949"]
[Site "http://www.queenalice.com/game.php?id=1621748"]
[Date "2020.7.26"]
[Round "2"]
[White "grepovsky"]
[Black "jdalcheco"]
[Result "1-0"]
[WhiteElo "2277"]
[BlackElo "1977"]

1. Nf3 d5 2. c4 dxc4 3. e3 b5 4. a4 Bd7 5. axb5 Bxb5 6. Bxc4 Bxc4 7. Qa4+ Nd7 8.
Qxc4 g6 9. Qd4 Ngf6 10. Rxa7 Bg7 11. Rxa8 Qxa8 12. Nc3 O-O 13. O-O c5 14. Qc4
Qa7 15. b4 Rc8 16. b5 Nb6 17. Qb3 1-0

[Event "AUTO-MASTER-2949"]
[Site "http://www.queenalice.com/game.php?id=1621749"]
[Date "2020.7.26"]
[Round "2"]
[White "jdalcheco"]
[Black "StenioVS"]
[Result "0-1"]
[WhiteElo "1990"]
[BlackElo "2168"]

1. d4 g6 2. c4 Bg7 3. Nc3 c5 4. e3 cxd4 5. exd4 Nf6 6. Nf3 O-O 7. Bd3 d5 8. Bg5
dxc4 9. Bxc4 Nc6 10. O-O Bg4 11. a3 Bxf3 12. Qxf3 Nxd4 13. Qxb7 Rb8 14. Qxa7
Rxb2 15. Rfd1 Nc6 16. Qe3 Qc8 17. Rdc1 Na5 18. Qd3 Qxc4 19. Qxc4 Nxc4 20. Na4
Re2 21. Rxc4 Ne4 22. Be3 Nd6 23. Rcc1 Bxa1 24. Rxa1 Nc4 25. Bc5 Ra8 26. Nc3 Rc2
27. Nb5 Rc8 28. Be3 Nxe3 29. fxe3 Rc1+ 30. Rxc1 Rxc1+ 31. Kf2 Rb1 0-1

[Event "AUTO-MASTER-2949"]
[Site "http://www.queenalice.com/game.php?id=1621750"]
[Date "2020.7.26"]
[Round "2"]
[White "StenioVS"]
[Black "jdalcheco"]
[Result "1-0"]
[WhiteElo "2162"]
[BlackElo "2009"]

1. Nf3 d5 2. c4 e6 3. b3 dxc4 4. bxc4 Nf6 5. Bb2 Nc6 6. g3 Bc5 7. Bg2 O-O 8. O-O
a6 9. d4 Ba7 10. Na3 Qe7 11. Rc1 Rd8 12. e3 Nb4 13. Qb3 Ne4 14. Nc2 Nxc2 15.
Rxc2 Rb8 16. Ba3 c5 17. Ne5 cxd4 18. Bxe7 1-0

[Event "Challenge"]
[Site "http://www.queenalice.com/game.php?id=1636295"]
[Date "2020.12.13"]
[Round "-"]
[White "Jo_AnnaSummer"]
[Black "jdalcheco"]
[Result "1-0"]
[WhiteElo "2322"]
[BlackElo "1986"]

1. f4 d5 2. Nf3 e6 3. e3 Nf6 4. b3 c5 5. Bb2 Be7 6. Bd3 O-O 7. O-O Nc6 8. Ne5 h6
9. Nxc6 bxc6 10. Nc3 a5 11. Na4 Nd7 12. Rc1 Ba6 13. Bxa6 Rxa6 14. Qg4 Nf6 15.
Bxf6 Bxf6 16. Nxc5 Rb6 17. d4 Qb8 18. Nd7 Qd8 19. Nxb6 Qxb6 20. c4 c5 21. cxd5
cxd4 22. dxe6 fxe6 23. exd4 Bxd4+ 24. Kh1 Qb4 25. Qxe6+ Kh8 26. Rc8 Rxc8 27.
Qxc8+ Kh7 28. Qf5+ Kg8 29. Rc1 Bf6 30. Rc8+ Kf7 31. Qh5+ Ke7 32. Qe8+ Kd6 33.
Rc6+ Kd5 34. Qe6+ 1-0

[Event "Challenge"]
[Site "http://www.queenalice.com/game.php?id=1636296"]
[Date "2020.12.13"]
[Round "-"]
[White "jdalcheco"]
[Black "Jo_AnnaSummer"]
[Result "0-1"]
[WhiteElo "2034"]
[BlackElo "2316"]

1. d4 Nf6 2. c4 d6 3. Nc3 Nbd7 4. Bg5 h6 5. Bh4 g5 6. Bg3 Nh5 7. e3 Nxg3 8. hxg3
Bg7 9. Bd3 Nf6 10. Nf3 c6 11. Qb3 a6 12. c5 dxc5 13. O-O-O cxd4 14. Nxd4 O-O 15.
Nxc6 bxc6 16. Bh7+ Nxh7 17. Rxd8 Rxd8 18. Qb6 Be6 19. Kb1 Bxc3 20. Rxh6 Bf5+ 21.
Ka1 Rd1# 0-1

[Event "AUTO-OPEN-4238"]
[Site "http://www.queenalice.com/game.php?id=1636360"]
[Date "2020.12.13"]
[Round "1"]
[White "RaulSoft"]
[Black "jdalcheco"]
[Result "1-0"]
[WhiteElo "2655"]
[BlackElo "2016"]

1. d4 e6 2. c4 d5 3. Nc3 Nf6 4. cxd5 exd5 5. Bg5 Be7 6. e3 O-O 7. Bd3 c6 8. Qc2
h6 9. Bf4 Na6 10. Bxa6 bxa6 11. Nge2 Nh5 12. Be5 f6 13. Bg3 Nxg3 14. hxg3 f5 15.
O-O Qd6 16. Nf4 Bd7 17. Na4 Rac8 18. Nc5 Be8 19. Nxa6 g5 20. Nd3 Bg6 21. Ne5 Bh7
22. f4 c5 23. Nxc5 Bf6 24. Rac1 Rc7 25. Qb3 Rfc8 26. Nb7 Qe7 27. Qxd5+ Kg7 28.
Rxc7 Rxc7 29. Nd6 Kh8 30. Qa8+ Kg7 31. Ne8+ 1-0

[Event "AUTO-OPEN-4238"]
[Site "http://www.queenalice.com/game.php?id=1636361"]
[Date "2020.12.13"]
[Round "1"]
[White "jdalcheco"]
[Black "RaulSoft"]
[Result "0-1"]
[WhiteElo "2010"]
[BlackElo "2654"]

1. d4 d5 2. c4 e6 3. Nc3 Nf6 4. Nf3 Be7 5. Bg5 h6 6. Bh4 O-O 7. e3 b6 8. Bd3 Bb7
9. cxd5 Nxd5 10. Bxe7 Qxe7 11. O-O Nd7 12. Bc2 c5 13. dxc5 Nxc3 14. bxc3 Nxc5
15. Nd4 Ne4 16. Qd3 Rac8 17. c4 Rfd8 18. f3 Nf6 19. Qe2 Ba6 20. Bb3 Ne8 21. Nb5
Bxb5 22. cxb5 Qc5 23. Kh1 Nd6 24. a4 Qc3 25. Rab1 Nf5 26. Rfe1 Rd2 27. Qf1 Rc5
28. e4 Ng3+ 0-1

[Event "AUTO-OPEN-4238"]
[Site "http://www.queenalice.com/game.php?id=1636400"]
[Date "2020.12.13"]
[Round "1"]
[White "jdalcheco"]
[Black "ulisses67"]
[Result "1-0"]
[WhiteElo "2032"]
[BlackElo "1365"]

1. d4 d5 2. c4 Nc6 3. cxd5 Nb4 4. e4 Nf6 5. Nc3 e6 6. dxe6 Bxe6 7. Nf3 Bg4 8.
Be2 h5 9. h3 Bxf3 10. Bxf3 Nc6 11. e5 Nd7 12. O-O g5 13. Re1 g4 14. hxg4 hxg4
15. Bxg4 Qh4 16. Bh3 O-O-O 17. d5 Nb4 18. d6 cxd6 19. exd6 Kb8 20. Re4 1-0

[Event "AUTO-OPEN-4238"]
[Site "http://www.queenalice.com/game.php?id=1636401"]
[Date "2020.12.13"]
[Round "1"]
[White "ulisses67"]
[Black "jdalcheco"]
[Result "0-1"]
[WhiteElo "1367"]
[BlackElo "2030"]

1. a3 d5 2. d4 e6 3. Nf3 c5 4. Bg5 Qb6 5. b3 cxd4 6. Nxd4 Bd6 7. a4 Ne7 8. Nc3
a6 9. a5 Qc7 10. e4 Qxc3+ 11. Ke2 O-O 12. Ra4 Bd7 13. Bd2 Qc7 14. Ra2 Nbc6 15.
Bc3 dxe4 16. Ke1 Rfd8 17. Qg4 f5 18. Nxc6 fxg4 0-1

[Event "AUTO-ADV-4435"]
[Site "http://www.queenalice.com/game.php?id=1636465"]
[Date "2020.12.14"]
[Round "1"]
[White "andrelazcano"]
[Black "jdalcheco"]
[Result "1-0"]
[WhiteElo "1754"]
[BlackElo "2041"]

1. e4 e6 2. e5 d5 3. f4 c5 4. d3 Nc6 5. c3 Nge7 6. g4 Ng6 7. g5 b6 8. Bh3 Bb7 9.
Nd2 d4 10. Ne2 Ncxe5 11. Ne4 Nf3+ 12. Kf2 Ngh4 13. cxd4 cxd4 14. b4 Be7 15. Qa4+
Qd7 16. Qxd7+ Kxd7 17. a3 f5 18. N4g3 Nxg5 19. fxg5 Bxh1 20. Nxh1 Rhf8 21. Nxd4
e5 22. Nc2 a5 23. b5 Ke6 24. Ng3 Ng6 25. Ne3 Bc5 26. Kf1 Ne7 27. a4 g6 28. Nc4
Rad8 29. Ba3 Rxd3 30. Bxc5 bxc5 31. Nxa5 Nd5 32. Kg1 Nf4 33. Bf1 Rc3 34. Nc4 Nd5
35. b6 Rb8 36. a5 e4 37. a6 Nxb6 38. Nxb6 1-0

[Event "AUTO-ADV-4435"]
[Site "http://www.queenalice.com/game.php?id=1636466"]
[Date "2020.12.14"]
[Round "1"]
[White "jdalcheco"]
[Black "andrelazcano"]
[Result "1-0"]
[WhiteElo "2008"]
[BlackElo "1809"]

1. d4 d5 2. c4 dxc4 3. Nc3 a6 4. a4 Bd7 5. e4 g6 6. Bxc4 f5 7. e5 e6 8. Nf3 Bb4
9. O-O c5 10. Bg5 Qb6 11. dxc5 Qxc5 12. Ba2 Bxc3 13. bxc3 Qxc3 14. Rc1 Qb4 15.
Bxe6 Ne7 16. Bf6 Rf8 17. Bd5 Nxd5 18. Qxd5 Nc6 19. Rb1 Qe4 20. Qd6 Rb8 21. Rfd1
Rxf6 22. Qxd7+ Kf8 23. exf6 b5 24. Qg7+ Ke8 25. Re1 Qxe1+ 26. Rxe1+ Kd8 27. f7
Kc7 28. f8=Q+ 1-0

[Event "AUTO-ADV-4435"]
[Site "http://www.queenalice.com/game.php?id=1636478"]
[Date "2020.12.14"]
[Round "1"]
[White "jdalcheco"]
[Black "CERVERO"]
[Result "1-0"]
[WhiteElo "2014"]
[BlackElo "2009"]

1. d4 e6 2. c4 Nf6 3. Nc3 c5 4. d5 d6 5. Bg5 Be7 6. e4 O-O 7. Bd3 h6 8. Bh4 Na6
9. a3 Nc7 10. f4 exd5 11. exd5 Re8 12. Nge2 Bg4 13. O-O Nd7 14. Bg3 Bf6 15. Qd2
g5 16. Ne4 Qe7 17. fxg5 Bxg5 18. Nf4 Ne5 19. Nxg5 hxg5 20. Nh3 f6 21. Rae1 Qg7
22. b3 Rad8 23. Bc2 Bd7 24. Rf2 Rf8 25. Rfe2 Bg4 26. Re3 Bd7 27. Nf2 Rfe8 28.
Qa5 Na6 29. Ne4 Ng4 30. R3e2 Rxe4 31. Qxd8+ 1-0

[Event "AUTO-ADV-4435"]
[Site "http://www.queenalice.com/game.php?id=1636483"]
[Date "2020.12.14"]
[Round "1"]
[White "Gera"]
[Black "jdalcheco"]
[Result "1-0"]
[WhiteElo "1883"]
[BlackElo "1964"]

1. Nf3 e6 2. d4 d5 3. e3 Nf6 4. c4 c5 5. Nc3 Nc6 6. a3 cxd4 7. exd4 dxc4 8. Bxc4
Be7 9. O-O O-O 10. b4 a6 11. Bb2 b5 12. Bb3 Bb7 13. Qd2 Qb6 14. Ne2 Rad8 15.
Rfd1 1-0

[Event "AUTO-MASTER-3013"]
[Site "http://www.queenalice.com/game.php?id=1636616"]
[Date "2020.12.16"]
[Round "1"]
[White "chessman"]
[Black "jdalcheco"]
[Result "1-0"]
[WhiteElo "1968"]
[BlackElo "1928"]

1. e4 e6 2. d4 d5 3. e5 c5 4. c3 Nc6 5. f4 Qb6 6. Nf3 Nge7 7. Bd3 Bd7 8. O-O
cxd4 9. cxd4 Nxd4 10. Kh1 Nxf3 11. Qxf3 Ng6 12. Nc3 Bc5 13. f5 Nxe5 14. Qe2 Nxd3
15. Qxd3 a6 16. fxe6 Bxe6 17. Na4 Qc6 18. Nxc5 Qxc5 19. Be3 Qe7 20. Rae1 O-O 21.
Bd4 Qg5 22. Rd1 Rac8 23. a3 Rc6 24. Qg3 Qxg3 25. hxg3 Bg4 26. Rc1 h5 27. Rxc6
bxc6 28. Bc5 Rb8 29. b4 Re8 30. a4 Re2 31. a5 f5 32. Kg1 Kf7 33. Rf2 Re1+ 34.
Kh2 1-0

[Event "AUTO-MASTER-3013"]
[Site "http://www.queenalice.com/game.php?id=1636617"]
[Date "2020.12.16"]
[Round "1"]
[White "jdalcheco"]
[Black "chessman"]
[Result "1-0"]
[WhiteElo "2029"]
[BlackElo "1921"]

1. d4 d5 2. c4 c6 3. Nc3 Nf6 4. Nf3 e6 5. Bg5 Be7 6. e3 O-O 7. Bd3 Re8 8. O-O
Nbd7 9. c5 Nf8 10. Qc2 a6 11. Bxf6 Bxf6 12. Bxh7+ Nxh7 13. e4 dxe4 14. Nxe4 Bxd4
15. Rad1 e5 16. Nd6 Re6 17. Nxd4 exd4 18. Rxd4 Qf8 19. f4 b6 20. b4 b5 21. f5
Re7 22. Rh4 Nf6 23. Qc3 Bd7 24. Qh3 1-0

[Event "AUTO-MASTER-3013"]
[Site "http://www.queenalice.com/game.php?id=1636632"]
[Date "2020.12.16"]
[Round "1"]
[White "jdalcheco"]
[Black "worldwide"]
[Result "0-1"]
[WhiteElo "1945"]
[BlackElo "1926"]

1. d4 c5 2. d5 d6 3. c4 g6 4. Nf3 Bg7 5. e3 Nf6 6. Bd3 O-O 7. O-O e6 8. Nc3 exd5
9. cxd5 Nbd7 10. e4 Ng4 11. h3 Nge5 12. Be2 Nxf3+ 13. Bxf3 Ne5 14. Bf4 Nxf3+ 15.
Qxf3 a6 16. a4 b6 0-1

[Event "AUTO-MASTER-3013"]
[Site "http://www.queenalice.com/game.php?id=1636633"]
[Date "2020.12.16"]
[Round "1"]
[White "worldwide"]
[Black "jdalcheco"]
[Result "1-0"]
[WhiteElo "1896"]
[BlackElo "1983"]

1. e4 e6 2. e5 d5 3. d4 c5 4. c4 Nc6 5. Nf3 cxd4 6. cxd5 Qxd5 7. b3 Nxe5 8. Nxe5
Qxe5+ 9. Qe2 Qd5 10. Qb5+ Qxb5 11. Bxb5+ Bd7 12. Bd3 Nf6 13. Bb2 e5 14. O-O 1-0

[Event "AUTO-MASTER-3013"]
[Site "http://www.queenalice.com/game.php?id=1636634"]
[Date "2020.12.16"]
[Round "1"]
[White "jdalcheco"]
[Black "clovis"]
[Result "0-1"]
[WhiteElo "2014"]
[BlackElo "2051"]

1. d4 d5 2. c4 c6 3. Nc3 e6 4. Nf3 Nf6 5. Bg5 Nbd7 6. e3 dxc4 7. Bxc4 Bd6 8. O-O
O-O 9. e4 e5 10. Bxf6 gxf6 11. d5 Nb6 12. Bb3 cxd5 13. Nxd5 Nxd5 14. Bxd5 Qe7
15. Nh4 Kh8 16. Qh5 Be6 17. Bxe6 Qxe6 18. Nf5 Rg8 19. Rad1 Rg5 20. Qf3 Bc5 21.
h4 Rg6 22. Rd2 Rag8 23. g3 Qxf5 24. exf5 Rxg3+ 25. Qxg3 Rxg3+ 26. Kh2 Rf3 27.
Rd7 Rxf5 28. Rxb7 Rxf2+ 29. Rxf2 Bxf2 30. h5 Kg7 31. b4 f5 32. Rxa7 Bxa7 0-1

[Event "AUTO-MASTER-3013"]
[Site "http://www.queenalice.com/game.php?id=1636635"]
[Date "2020.12.16"]
[Round "1"]
[White "clovis"]
[Black "jdalcheco"]
[Result "1-0"]
[WhiteElo "2066"]
[BlackElo "1999"]

1. e4 e6 2. d4 d5 3. exd5 exd5 4. Nf3 Nf6 5. Bd3 Bg4 6. O-O Be7 7. Re1 O-O 8. h3
Bh5 9. g4 Nxg4 10. hxg4 Bxg4 11. Bf4 c5 12. dxc5 Bxc5 13. Nc3 Nc6 14. Nxd5 Kh8
15. Kg2 Qxd5 16. Rh1 Bxf3+ 17. Qxf3 Qxf3+ 18. Kxf3 g6 19. Bh6 Rfe8 20. Rh3 Ne5+
21. Kg2 Nxd3 22. cxd3 Bd4 23. Rah1 Bb6 24. Be3 h5 25. Bd2 Re2 26. Bc3+ Kg8 27.
Rf3 Rae8 28. d4 Rd8 29. d5 Rxd5 30. Rc1 Rg5+ 31. Kf1 Re4 32. Rd1 Re7 33. Bf6 1-0